[Event "AUTO-INT-3198"]
[Site "http://www.queenalice.com/game.php?id=1491317"]
[Date "2017.8.23"]
[Round "2"]
[White "saturnin"]
[Black "Tantra"]
[Result "0-1"]
[WhiteElo "1551"]
[BlackElo "2326"]

1. b4 d6 2. d4 Nc6 3. c3 a6 4. d5 Ne5 5. e4 Nf6 6. Qe2 g6 7. Nf3 Bg7 8. Bb2 Bg4
9. Qe3 O-O 10. Nxe5 dxe5 11. c4 Bd7 12. c5 e6 13. dxe6 Bxe6 14. Bd3 Qd7 15. O-O
Rad8 16. Rd1 Bc4 17. g3 Bxd3 18. Kg2 Bxe4+ 19. f3 Qxd1 20. fxe4 Rd3 21. Qg1 Qf3+
22. Kh3 Nxe4 23. Na3 Ng5+ 24. Kh4 Qh5# 0-1

[Event "AUTO-INT-3198"]
[Site "http://www.queenalice.com/game.php?id=1491318"]
[Date "2017.8.23"]
[Round "2"]
[White "Tantra"]
[Black "saturnin"]
[Result "1-0"]
[WhiteElo "2327"]
[BlackElo "1620"]

1. d3 d5 2. Nd2 c6 3. Ngf3 e6 4. g3 Nf6 5. Bg2 Bd6 6. O-O O-O 7. Qe1 b5 8. e4
Re8 9. e5 Bc7 10. exf6 Qxf6 11. Qe2 c5 12. Re1 e5 13. Ne4 dxe4 14. Qxe4 Nc6 15.
Ng5 g6 16. Qxc6 Qxc6 17. Bxc6 h6 18. Ne4 Re6 19. Bxa8 Bb6 20. Bxh6 Kh7 21. Be3
f5 22. Ng5+ Kg7 23. Nxe6+ Bxe6 24. b4 Kf6 25. bxc5 Bc7 26. a4 bxa4 27. Rxa4 a5
28. Rb1 g5 29. d4 f4 30. dxe5+ Kxe5 31. gxf4+ gxf4 32. Bxf4+ 1-0

[Event "AUTO-INT-3198"]
[Site "http://www.queenalice.com/game.php?id=1491319"]
[Date "2017.8.23"]
[Round "2"]
[White "ismaelfln"]
[Black "Tantra"]
[Result "0-1"]
[WhiteElo "1700"]
[BlackElo "2328"]

1. e4 Nf6 2. Nc3 e5 3. d3 Nc6 4. Bg5 Be7 5. Bxf6 Bxf6 6. Nf3 d6 7. Na4 O-O 8. c3
Bg4 9. h3 Bh5 10. g4 Bg6 11. b4 b5 12. Nb2 a5 13. bxa5 Rxa5 14. c4 b4 15. g5 Be7
16. h4 Bh5 17. Be2 f5 18. Nh2 Bxe2 19. Kxe2 fxe4 20. dxe4 Nd4+ 21. Kd3 Rxf2 22.
Na4 Qd7 23. Nb2 Qh3+ 24. Qf3 Ra3# 0-1

[Event "AUTO-INT-3198"]
[Site "http://www.queenalice.com/game.php?id=1491320"]
[Date "2017.8.23"]
[Round "2"]
[White "Tantra"]
[Black "ismaelfln"]
[Result "1-0"]
[WhiteElo "2333"]
[BlackElo "1755"]

1. d3 e5 2. Nd2 Nf6 3. Ngf3 Nc6 4. a3 Bc5 5. h3 O-O 6. b4 Bb6 7. Bb2 a5 8. b5
Na7 9. c4 d6 10. e3 Bc5 11. Be2 c6 12. a4 Bb4 13. O-O Bxd2 14. Qxd2 cxb5 15.
axb5 b6 16. Nh2 Be6 17. f4 e4 18. f5 exd3 19. Bxf6 Qxf6 20. fxe6 Qxe6 21. Bxd3
d5 22. Rac1 dxc4 23. Bxc4 Qe8 24. Ng4 h5 25. Nf2 Rd8 26. Nd3 Nxb5 27. Rf3 Nd6
28. Bd5 Nf5 29. Rxf5 g6 30. Re5 Qd7 31. e4 Kg7 32. Rc6 f6 33. Ree6 Qa7 34. Rxb6
Rb8 35. Qf2 Qc7 36. Rxb8 Rxb8 37. Qxf6+ Kg8 38. Re7# 1-0

[Event "AUTO-MASTER-2568"]
[Site "http://www.queenalice.com/game.php?id=1498214"]
[Date "2017.10.9"]
[Round "2"]
[White "Michelangelo"]
[Black "Tantra"]
[Result "0-1"]
[WhiteElo "1958"]
[BlackElo "2391"]

1. e4 e5 2. Nf3 Nc6 3. Bb5 a6 4. Ba4 Nf6 5. O-O Be7 6. Re1 b5 7. Bb3 d6 8. c3
O-O 9. d4 Bg4 10. d5 Na5 11. Bc2 c5 12. Nbd2 Qc7 13. Nf1 h6 14. Ne3 Bd7 15. Nf5
Bxf5 16. exf5 Nc4 17. h3 Nb6 18. Be4 Nxe4 19. Rxe4 Qb7 20. Rg4 Kh7 21. Nh4 Qxd5
22. Qc2 Bf6 23. f4 e4 24. Be3 Nc4 25. Bf2 Qd3 0-1

[Event "AUTO-MASTER-2568"]
[Site "http://www.queenalice.com/game.php?id=1498215"]
[Date "2017.10.9"]
[Round "2"]
[White "Tantra"]
[Black "Michelangelo"]
[Result "1-0"]
[WhiteElo "2390"]
[BlackElo "2001"]

1. Nf3 Nf6 2. d3 g6 3. Nbd2 d5 4. g3 Bg7 5. Bg2 O-O 6. O-O c6 7. Qe1 Re8 8. e4
Na6 9. a3 dxe4 10. dxe4 e5 11. Qe2 Nc5 12. h3 Qc7 13. Re1 b6 14. b4 Na4 15. c4
Bh6 16. Qd3 Bb7 17. Qc2 Bxd2 18. Bxd2 b5 19. cxb5 Nb6 20. Bg5 Nfd7 21. Rac1 Rac8
22. Qd1 c5 23. a4 Re6 24. a5 1-0

[Event "AUTO-MASTER-2599"]
[Site "http://www.queenalice.com/game.php?id=1501008"]
[Date "2017.10.29"]
[Round "2"]
[White "cerenzo72"]
[Black "Tantra"]
[Result "0-1"]
[WhiteElo "2112"]
[BlackElo "2378"]

1. c4 Nf6 2. Nf3 g6 3. Nc3 Bg7 4. e4 d6 5. d4 Nbd7 6. Bf4 O-O 7. Be2 b6 8. d5
Bb7 9. O-O a6 10. Qd2 Qe8 11. Bh6 e5 12. dxe6 fxe6 13. Bd3 e5 14. Nd5 Nxd5 15.
cxd5 Nc5 16. Bc2 a5 17. Bxg7 Kxg7 18. a3 Bc8 19. Qc3 a4 20. Rac1 Qe7 21. Qe3 Bd7
22. Bd1 c6 23. Nd2 Rab8 24. Qg3 b5 25. h4 cxd5 26. exd5 b4 27. h5 bxa3 28. bxa3
Bb5 29. Nc4 Rf4 30. Be2 Nb3 31. Rc3 Nd4 32. Bd3 Rh4 33. hxg6 e4 34. gxh7+ Kh8
35. Re1 Qxh7 36. f3 exd3 37. Qxd6 Rh1+ 38. Kf2 Qh4+ 39. Qg3 Qxg3+ 0-1

[Event "AUTO-MASTER-2599"]
[Site "http://www.queenalice.com/game.php?id=1501009"]
[Date "2017.10.29"]
[Round "2"]
[White "Tantra"]
[Black "cerenzo72"]
[Result "1-0"]
[WhiteElo "2325"]
[BlackElo "2182"]

1. d3 e6 2. Nf3 Nf6 3. Nbd2 d5 4. g3 Bc5 5. Bg2 Bxf2+ 6. Kxf2 Ng4+ 7. Kg1 Ne3 8.
Qe1 Nxc2 9. Qd1 Nxa1 10. e4 dxe4 11. Nxe4 f5 12. Bg5 Qd7 13. Nf2 h6 14. Ne5 Qd4
15. Qh5+ 1-0

[Event "AUTO-MASTER-2599"]
[Site "http://www.queenalice.com/game.php?id=1501012"]
[Date "2017.10.29"]
[Round "2"]
[White "Tantra"]
[Black "capaputi"]
[Result "1-0"]
[WhiteElo "2351"]
[BlackElo "2305"]

1. d3 d5 2. Nd2 e5 3. Ngf3 Nc6 4. g3 Nf6 5. Bg2 Bc5 6. O-O O-O 7. a3 a5 8. Qe1
Re8 9. e4 h6 10. Qe2 Bg4 11. c3 Qd7 12. Re1 Re7 13. Qf1 a4 14. h3 Bh5 15. g4 Bg6
16. Nh4 Bh7 17. Qe2 Rd8 18. Nf1 dxe4 19. dxe4 Na5 20. g5 Nb3 21. gxf6 Nxc1 22.
Raxc1 Re6 23. Rcd1 Qe8 24. fxg7 Rf6 25. Rxd8 Qxd8 26. Nf3 Rf4 27. Ng3 Bg6 28.
Rd1 Qe7 29. Rd5 Bd6 30. Qd1 Bxe4 31. Nxe4 Rxe4 32. Nd2 Rf4 33. Ne4 Kxg7 34. Nxd6
cxd6 35. Rxd6 Qg5 36. Rd3 Qf5 37. Rf3 Rxf3 38. Qxf3 Qb1+ 39. Kh2 Qxb2 40. Qg3+
Kf6 41. c4 b6 42. Bd5 Qb3 43. Qh4+ Kg6 44. Qe7 1-0

[Event "AUTO-MASTER-2599"]
[Site "http://www.queenalice.com/game.php?id=1501013"]
[Date "2017.10.29"]
[Round "2"]
[White "capaputi"]
[Black "Tantra"]
[Result "0-1"]
[WhiteElo "2270"]
[BlackElo "2362"]

1. e4 c5 2. Nc3 e6 3. Nf3 a6 4. d4 cxd4 5. Nxd4 Nc6 6. Be3 Bb4 7. Nxc6 bxc6 8.
Bd2 h5 9. Bd3 g6 10. O-O Nh6 11. f4 O-O 12. h3 d5 13. f5 Bc5+ 14. Kh1 Ng4 15.
Qe1 exf5 16. exf5 Re8 17. Qg3 Bd6 18. Bf4 Re3 19. Rf3 Bxf4 20. Qxf4 Rxf3 21.
Qxf3 Ne5 22. Qf1 Nxd3 23. cxd3 Bxf5 24. d4 Qb6 25. Qf2 Re8 26. Rd1 a5 27. Rd2
Kg7 28. Qf4 Qd8 29. Kh2 Qf6 30. Rf2 Re1 31. Ne2 Qe7 32. Ng3 Bd3 33. h4 Ba6 34.
Qg5 Qxg5 35. hxg5 Rd1 36. Rc2 Bb5 37. b3 a4 38. Ne2 Bd3 0-1

[Event "AUTO-OPEN-3704"]
[Site "http://www.queenalice.com/game.php?id=1509417"]
[Date "2017.12.25"]
[Round "3"]
[White "Nguxi59"]
[Black "Tantra"]
[Result "1-0"]
[WhiteElo "2586"]
[BlackElo "2382"]

1. e4 e5 2. Nf3 Nc6 3. Bc4 Nf6 4. Ng5 d5 5. exd5 Na5 6. Bb5+ c6 7. dxc6 bxc6 8.
Qf3 cxb5 9. Qxa8 Qd7 10. Qf3 Bb7 11. Qe2 Be7 12. d3 O-O 13. Nf3 Bxf3 14. Qxf3
Rc8 15. c3 Rd8 16. O-O Qxd3 17. Qxd3 Rxd3 18. b4 Nc4 19. a4 a6 20. Na3 Nd6 21.
axb5 axb5 22. Be3 Rxc3 23. Bc5 Nfe8 24. Nxb5 Nxb5 25. Bxe7 f6 26. f4 Kf7 27. Bc5
e4 28. Rad1 f5 29. Rd7+ Kg6 30. g4 h6 31. gxf5+ Kxf5 32. Rf7+ Nf6 33. Rb7 Na3
34. Rxg7 Rd3 35. Rc1 e3 36. Rf7 1-0

[Event "AUTO-OPEN-3704"]
[Site "http://www.queenalice.com/game.php?id=1509418"]
[Date "2017.12.25"]
[Round "3"]
[White "Tantra"]
[Black "Nguxi59"]
[Result "0-1"]
[WhiteElo "2376"]
[BlackElo "2590"]

1. Nf3 d5 2. d3 c5 3. g3 Nc6 4. Bg2 g6 5. Nbd2 Bg7 6. O-O Nf6 7. a3 O-O 8. h3 d4
9. Qe1 Bd7 10. e4 Qc8 11. Kh2 e5 12. Qe2 Ne8 13. Re1 f6 14. Rb1 Nd6 15. Nh4 a5
16. Nf1 b5 17. f4 c4 18. g4 Qa6 19. f5 g5 20. Nf3 Rfb8 21. h4 h6 22. Nxg5 hxg5
23. hxg5 fxg5 24. Bxg5 b4 25. Ng3 bxa3 26. bxa3 Rxb1 27. Rxb1 Nd8 28. Nh5 Nb5
29. Qd2 Nf7 30. Rh1 c3 31. Qc1 Bh8 32. Kg3 Qd6 33. Bh4 Nxa3 34. g5 Ba4 35. Bf3
Bxc2 36. g6 Bxd3 0-1

[Event "AUTO-OPEN-3724"]
[Site "http://www.queenalice.com/game.php?id=1516878"]
[Date "2018.2.22"]
[Round "3"]
[White "Tantra"]
[Black "WeirdGoblin"]
[Result "0-1"]
[WhiteElo "2370"]
[BlackElo "2316"]

1. Nf3 Nf6 2. d3 d5 3. Nbd2 Nc6 4. g3 e5 5. Bg2 Bc5 6. O-O O-O 7. a3 a5 8. h3 e4
9. dxe4 dxe4 10. Ng5 e3 11. Nde4 exf2+ 12. Kh2 Qxd1 13. Rxd1 Nxe4 14. Nxe4 Bb6
15. c4 Re8 16. c5 Ba7 17. b4 axb4 18. axb4 Nxb4 19. Nxf2 c6 20. Bf4 Be6 21. Ne4
Bd5 22. Nd6 Bxc5 23. Nxe8 Rxe8 24. e4 Bb3 25. Rdc1 Bf8 26. Rc3 Be6 27. Bc7 b5
28. e5 Rc8 29. Bd6 Bc4 30. Rca3 Na2 31. R3xa2 Bxa2 32. Rxa2 h5 0-1

[Event "AUTO-OPEN-3724"]
[Site "http://www.queenalice.com/game.php?id=1516879"]
[Date "2018.2.22"]
[Round "3"]
[White "WeirdGoblin"]
[Black "Tantra"]
[Result "1-0"]
[WhiteElo "2316"]
[BlackElo "2392"]

1. d4 d5 2. c4 c6 3. Nf3 Nf6 4. Nc3 e6 5. e3 Nbd7 6. Qc2 Be7 7. Be2 dxc4 8. Bxc4
b5 9. Bd3 Bb7 10. a4 b4 11. Ne4 1-0

[Event "Challenge"]
[Site "http://www.queenalice.com/game.php?id=1528697"]
[Date "2018.5.26"]
[Round "-"]
[White "pickles"]
[Black "Tantra"]
[Result "1-0"]
[WhiteElo "2585"]
[BlackElo "2337"]

1. e4 c5 2. Nf3 e6 3. d4 cxd4 4. Nxd4 a6 5. Bd3 Nc6 6. Nxc6 dxc6 7. O-O Nf6 8.
e5 Nd5 9. c4 Nb4 10. Be4 a5 11. Qf3 f5 12. exf6 Qxf6 13. Qg3 Be7 14. Nc3 O-O 15.
a3 Na6 16. Be3 Nc5 17. Bc2 1-0

[Event "AUTO-ELITE-1993"]
[Site "http://www.queenalice.com/game.php?id=1531541"]
[Date "2018.6.17"]
[Round "1"]
[White "Tantra"]
[Black "FabioDavid"]
[Result "0-1"]
[WhiteElo "2347"]
[BlackElo "2564"]

1. d3 d5 2. Nd2 Nf6 3. Ngf3 c5 4. g3 Nc6 5. Bg2 e5 6. O-O Be7 7. a3 O-O 8. Qe1
e4 9. dxe4 dxe4 10. Ng5 e3 11. Ndf3 exf2+ 12. Qxf2 h6 13. Nh3 Re8 14. e3 Bd6 0-1

[Event "AUTO-ELITE-1993"]
[Site "http://www.queenalice.com/game.php?id=1531542"]
[Date "2018.6.17"]
[Round "1"]
[White "FabioDavid"]
[Black "Tantra"]
[Result "1-0"]
[WhiteElo "2568"]
[BlackElo "2342"]

1. b3 Nf6 2. Bb2 e6 3. g3 Nc6 4. Nf3 d6 5. c4 Be7 6. Bg2 Bd7 7. d4 O-O 8. O-O
Rc8 9. e3 a6 10. Nc3 Kh8 11. Re1 Re8 12. Ng5 Kg8 13. Rc1 h6 14. Nge4 1-0

[Event "AUTO-ELITE-1993"]
[Site "http://www.queenalice.com/game.php?id=1531544"]
[Date "2018.6.17"]
[Round "1"]
[White "danielglowinski"]
[Black "Tantra"]
[Result "1-0"]
[WhiteElo "2479"]
[BlackElo "2332"]

1. e4 e5 2. Nf3 Nc6 3. Bb5 a6 4. Bxc6 dxc6 5. O-O Bd6 6. d4 exd4 7. Qxd4 Be7 8.
Qxg7 Bf6 9. Qg3 Ne7 10. Qf4 Ng6 11. Qe3 Qe7 12. h3 1-0